| 000 | 00881 a2200229 4500 | ||
|---|---|---|---|
| 999 |
_c6436 _d6436 |
||
| 020 | _a9780321507433 | ||
| 020 | _a0321507436 | ||
| 050 | 0 | 0 | _aQH 541 KRE 2009 |
| 100 | 1 | _aKrebs, Charles J. | |
| 245 | 1 | 0 |
_aEcology : _bthe experimental analysis of distribution and abundance / _cCharles J. Krebs. |
| 250 | _a6th ed. | ||
| 264 |
_aSan Francisco: _bPearson, _c2009. |
||
| 300 |
_axvi, 655 p. : _bill. (chiefly col.), col. maps ; |
||
| 500 | _aIncludes an index. | ||
| 504 | _aIncludes bibliographical references (p. 581-624). | ||
| 650 | 0 | _aEcology. | |
| 650 | 0 | _aPopulation biology. | |
| 650 | 0 | _aBiogeography. | |
| 856 | 4 | 1 |
_3Table of contents only _uhttp://www.loc.gov/catdir/toc/ecip0823/2008030660.html |
| 942 |
_2lcc _cBK _h541 _iKRE _kQH |
||